Library of the University of Algiers 3
Ibrahim Sultan Cheibout
شعار جامعة الجزائر 3
مكتبة جامعة الجزائر 3
إبراهيم سلطان شيبوط

نظم المعلومات المحاسبية وتكنولوجيا المعلومات / (رقم التسجيلة. 45581)

تفاصيل مارك
000 -LEADER
fixed length control field 01858nam a2200229Ia 4500
003 - CONTROL NUMBER IDENTIFIER
control field Ost
005 - DATE AND TIME OF LATEST TRANSACTION
control field 20260507075650.0
008 - FIXED-LENGTH DATA ELEMENTS--GENERAL INFORMATION
fixed length control field 260507s9999||||xx |||||||||||||| ||und||
040 ## - CATALOGING SOURCE
Transcribing agency fsecg
041 ## - LANGUAGE CODE
Language code of text/sound track or separate title ara
082 ## - DEWEY DECIMAL CLASSIFICATION NUMBER
Classification number 657.0285
100 ## - MAIN ENTRY--PERSONAL NAME
Personal name دبيان، السيد عبد المقصود
Relator term مؤلف
245 #0 - TITLE STATEMENT
Title نظم المعلومات المحاسبية وتكنولوجيا المعلومات /
Statement of responsibility, etc. السيد عبد المقصود دبيان
260 ## - PUBLICATION, DISTRIBUTION, ETC.
Place of publication, distribution, etc. الإسكندرية:
Name of publisher, distributor, etc. الدار الجامعية للنشر والتوزيع,
Date of publication, distribution, etc. 2004
300 ## - PHYSICAL DESCRIPTION
Extent 567 صفحة؛
Other physical details إيضاحات ؛
Dimensions 24 سم
520 ## - SUMMARY, ETC.
Summary, etc. مبادئ تحليل وتصميم نظم المعلومات المحاسبي- أهمية وقيمة نظم المعلومات- المحاسبة ومفاهيم النظم- إطار نظام معلومات المحاسبة المالية- إطار نظام معلومات المحاسبة الإدارية- أدوات تحليل وتصميم النظم- تحليل التكلفة والمنفعة في تقييم النظم- النظم التطبيقية لدورات العمليات المحاسبية- النظام المحاسبي وتكنولوجيا المعلومات- نظم إدارة قواعد البيانات، المفاهيم والمصطلحات- نظم إدارة قواعد البيانات، برنامج ACCESS- نظم إدارة قواعد البيانات، برنامج EXCEL- نظم إدارة قواعد البيانات، تطبيقات محاسبية- أمن المعلومات في الانظمة المستخدمة للمعلومات.
653 ## - INDEX TERM--UNCONTROLLED
Uncontrolled term المحاسبة
653 ## - INDEX TERM--UNCONTROLLED
Uncontrolled term تكنولوجيا المعلومات
653 ## - INDEX TERM--UNCONTROLLED
Uncontrolled term نظم المعلومات- المؤسسة الممتدة
700 ## - ADDED ENTRY--PERSONAL NAME
Personal name عبد اللطيف، ناصر نور الدين
Relator term مؤلف ثانوي
942 ## - ADDED ENTRY ELEMENTS (KOHA)
Koha item type كتب

لا توجد مواد متاحة.

موارد الويب المفتوحة


© University of Algiers 3 All Rights Reserved
|
Implemented by LECHELAH Riad